01526nam a2200277 a 450000100100000000500170001000800410002704000250006808200270009324501190012025000110023926000490025030000210029950000590032060000440037965100640042370000560048770000580054391000370060104900090063895201390064795201900078695201250097695201300110199900170123100002228720250204073952.0100921s1997 dr 000 0 spa d aDO-SdBNPbspacBNPHU a923.27293bD812j, 199700aJuan Pablo Duarte :bescritos /crecopilación Mariano Lebrón Saviñón ; prólogo Pedro Troncoso Sánchez. a2a ed. aSanto Domingo :bInstituto Duartiano,c1997. a129 p. ;c22 cm. aIncluye bibliografía y notas al final de capítulos10aDuarte, Juan Pablo, d1813-187691494 4aRepública DominicanaxHistoriay1844-1930xFuentes9384231 aLebrón Saviñon, Marianod1922-2014ecomp.972271 aTroncoso Sánchez, Pedro,d1904-1989epról.923599 aValidado. Control de calidad EMS aBNPD 001054708DSaGRbGRcHDd2015-02-16iLF1l0o923.27293 D812j, 1997p22287-30r2020-06-25te.3w2020-06-25yLFDSZPréstamo en sala 0010718DSaGRbGRcHDd2019-06-24iLF1l0o923.27293 D812j, 1997p22287-40r2020-06-25te.4w2020-06-25yLFDSzPerteneció a la biblioteca personal de Bárbara Suncar.ZNo se presta 0010718PDaPDbPDcHDd2010-09-21iLF1l0o923.27293 D812j, 1997p22287-10r2020-06-25w2020-06-25yLFPDZNo se presta 0010718PDaPDbPDcHDd2010-09-21iLF1l0o923.27293 D812j, 1997p22287-20r2020-06-25te.2w2020-06-25yLFPDZNo se presta c21785d21785